000 00593nam a2200253Ia 4500
005 20260123164105.0
008 008 260114s9999 xx 000 0 eng d
020 _a9789354431432
037 _aEBOOK
040 _aCRL
040 _beng
040 _cCRL
041 _2eng
041 _aeng
084 _qCRL
100 _aALAM, BASHIR, ALAM, MANSAF
_91105791
245 0 _aDIGITAL LOGIC DESIGN
260 _bPHI
260 _c2015
856 _uhttps://elibrary.phindia.com/ebooks/reader/9789354431432du
942 _cEBOOK
999 _c1670914
_d1670914